Gīrvāṇalaghukośa : (Record no. 61988)

MARC details
000 -LEADER
fixed length control field 00732cam a22002174a 4500
001 - CONTROL NUMBER
control field sa 65001258
003 - CONTROL NUMBER IDENTIFIER
control field DLC
005 - DATE AND TIME OF LATEST TRANSACTION
control field 20260227112108.0
008 - FIXED-LENGTH DATA ELEMENTS--GENERAL INFORMATION
fixed length control field 910917s1960 ii d 000 0 maro
010 ## - LIBRARY OF CONGRESS CONTROL NUMBER
LC control number sa 65001258
040 ## - CATALOGING SOURCE
Original cataloging agency DLC
Transcribing agency DLC
041 0# - LANGUAGE CODE
Language code of text/sound track or separate title mar
-- san
050 00 - LIBRARY OF CONGRESS CALL NUMBER
Classification number PK927.M2
Item number G5
245 00 - TITLE STATEMENT
Title Gīrvāṇalaghukośa :
Remainder of title Saṃskr̥ta-Marāṭhī /
Statement of responsibility, etc. saṃpādaka, Janārdana Vināyaka Oka.
250 ## - EDITION STATEMENT
Edition statement Sudhāruna vāḍhavilelī 3. āvrtti.
260 ## - PUBLICATION, DISTRIBUTION, ETC.
Place of publication, distribution, etc. Jamaśedapura, Bihāra :
Name of publisher, distributor, etc. Dvārakābāī Oka tathā Sarasvatībāī Āpaṭe,
Date of publication, distribution, etc. [1960]
300 ## - PHYSICAL DESCRIPTION
Extent 37, 638, 20 p.
Dimensions 25 cm.
546 ## - LANGUAGE NOTE
Language note In Marathi.
650 #0 - SUBJECT ADDED ENTRY--TOPICAL TERM
Topical term or geographic name entry element Sanskrit language
Form subdivision Dictionaries
General subdivision Marathi.
700 1# - ADDED ENTRY--PERSONAL NAME
Personal name Oka, Janārdana Vināyaka,
Dates associated with a name 1879-1918.

No items available.

Powered by Koha